书目信息 |
| 题名: |
建设项目工程量清单案例操作实务
|
|
| 作者: | 徐佩清 主编 ;中国建设工程造价管理协会 编 | |
| 分册: | ||
| 出版信息: | 北京 机械工业出版社 2007.02 |
|
| 页数: | 287页 | |
| 开本: | 26cm | |
| 丛书名: | ||
| 单 册: | ||
| 中图分类: | TU723.3 | |
| 科图分类: | ||
| 主题词: | 建筑工程--jian zhu gong cheng--工程造价--工程技术人员--终生教育--教材 | |
| 电子资源: | ||
| ISBN: | 978-7-111-20905-8 | |
| 000 | 01249nam0 2200277 450 | |
| 001 | 012007307427 | |
| 005 | 20070924093701.01 | |
| 010 | @a978-7-111-20905-8@dCNY56.00 (含光盘) | |
| 100 | @a20070629d2007 km y0chiy0120 ea | |
| 101 | 0 | @achi |
| 102 | @aCN@b110000 | |
| 105 | @ak a 000yy | |
| 200 | 1 | @a建设项目工程量清单案例操作实务@Ajian she xiang mu gong cheng liang qing dan an li cao zuo shi wu@f中国建设工程造价管理协会编@Fzhong guo jian she gong cheng zao jia guan li xie hui bian |
| 210 | @a北京@c机械工业出版社@d2007.02 | |
| 215 | @a287页@d26cm@e光盘1片 | |
| 300 | @a全国注册造价工程师继续教育培训教材 | |
| 307 | @a光盘 ISBN : 978-7-89482-124-9 | |
| 314 | @a书中题:徐佩清主编 | |
| 320 | @a有书目 (第287页)。 | |
| 330 | @a本书以GB 50500-2003《建设工程工程量清单计价规定》为依据,结合苦干典型工程案例,详细阐述了工程清单计价工作的具体流程、做法合和技巧等内容,并部结归纳了实践过程中的常见问题,剖析了产生问题的原因和解决办法。 | |
| 606 | 0 | @a建筑工程@Ajian zhu gong cheng@x工程造价@x工程技术人员@x终生教育@j教材 |
| 690 | @aTU723.3@v4 | |
| 701 | 0 | @a徐佩清@Axu pei qing@4主编 |
| 712 | 02 | @a中国建设工程造价管理协会@Azhong guo jian she gong cheng zao jia guan li xie hui@4编 |
| 801 | 0 | @aCN@c20070924 |
| 905 | @dTU723.3@eX775 | |
| 建设项目工程量清单案例操作实务/中国建设工程造价管理协会编.-北京:机械工业出版社,2007.02 |
| 287页;26cm+光盘1片 |
| 全国注册造价工程师继续教育培训教材 |
| ISBN 978-7-111-20905-8:CNY56.00 (含光盘) |
| 本书以GB 50500-2003《建设工程工程量清单计价规定》为依据,结合苦干典型工程案例,详细阐述了工程清单计价工作的具体流程、做法合和技巧等内容,并部结归纳了实践过程中的常见问题,剖析了产生问题的原因和解决办法。 |
| ● |
| 相关链接 |
|
|
|
正题名:建设项目工程量清单案例操作实务
索取号:TU723.3/X775
 
预约/预借
| 序号 | 登录号 | 条形码 | 馆藏地/架位号 | 状态 | 备注 |
| 1 | 258840 | 202588404 | 建筑库201/201建筑库 38排1列4层/ [索取号:TU723.3/X775] | 在馆 | |
| 2 | 258841 | 202588413 | 建筑库201/201建筑库 38排1列4层/ [索取号:TU723.3/X775] | 在馆 | |
| 3 | 258842 | 202588422 | 建筑库201/201建筑库 38排1列4层/ [索取号:TU723.3/X775] | 在馆 |